000 00301nam a22001337a 4500
008 181019b xxu||||| |||| 00| 0 eng d
020 _a9781558702356
041 _aeng
080 _a330
100 _a55
101 _aMAN
245 _aThe Stage Mangement handbook
_cKonazi.D.A
942 _2udc
_cBK
999 _c50225
_d50225